| 000 | 00474nam a2200157Ia 4500 | ||
|---|---|---|---|
| 005 | 20250416170334.0 | ||
| 008 | 231217s9999 xx 000 0 und d | ||
| 020 | _a9788131720264 | ||
| 082 | _a001.6424OFF MCF;1 R | ||
| 100 | _aMcFedries, Paul. | ||
| 245 | 0 | _aMicrosoft office access 2007 forms, reparts and queries | |
| 260 |
_c2007 _bPearson Education _aNew Delhi |
||
| 300 | _axv, 387 | ||
| 650 | _aMicrosoft,office,access,2007,forms,,reparts,queries | ||
| 942 | _cAA | ||
| 999 |
_c187154 _d187154 |
||